Vieme osloviť našich ľudí podpredseda NR SR a podpredseda HZDS Augustín M. Húska pre Extra

Podrobná bibliografia
Hlavní autori: Mucha, František 1951- (upr, 410), Húska, Augustín Marián, 1929-2016 (Autor, uin)
Médium: Článok
Jazyk:slovenčina
Fyzický popis:Fotogr.
Predmet:

MARC

LEADER 00000nab a2200000 a 4500
001 vtls000665766
003 SK-MaSNL
005 20260304032451.0
008 180206c1998 xo 0 slo
015 |a SNBRB1998/06-16180 
035 |a CLN000017951 
040 |a SNKBUCL  |b slo  |c SNKBUCL  |e AACR2 
041 0 |a slo 
044 |a xo  |c SK 
080 |a 329.7(437.6)HZDS  |2 UDC-MRF-SK2 
100 1 |a Mucha, František  |d 1951-  |4 upr  |4 410  |9 892168 
245 1 0 |a Vieme osloviť našich ľudí  |b podpredseda NR SR a podpredseda HZDS Augustín M. Húska pre Extra  |c pripravil František Mucha 
300 |b Fotogr. 
610 2 7 |a Hnutie za demokratické Slovensko  |2 snkbucl  |9 14440 
655 7 |a články z novín a časopisov  |2 snkbucl  |9 267496 
700 1 |a Húska, Augustín Marián,  |d 1929-2016  |4 aut  |4 uin  |9 53777 
773 0 |t Extra  |g Roč. 7, č. 26 (1998), s. 1 a 3 
850 |a Slovenská národná knižnica v Martine 
852 |a SNK  |b KIS3GCP 
958 |a RBX 
999 |c 2643271  |d 2645201